00368pab a2200121 454500008004000000100001800040245011800058260000900176300001300185362001200198650001500210773002100225180718b2014 xxu||||| |||| 00| 0 eng d aPatnaik, Utsa aIndia in the world economy 1900 to 1935: The inter-war depression and Britain's demise as world capitalist leader c2014 ap.13-35. aJan-Feb aCapitalism aSocial Scientist